00782nam a22001937a 4500003000400000005001700004008004100021020001500062040007200077050002500149245015800174260004200332300000900374440002400383500008700407650003400494650003100528700002900559OSt20110718134507.0100403t xxu||||| |||| 00| 0 eng d a9966000054 aNEGST Library - KenyacNEGST Library - KenyadNEGST Library - Kenya14aBS 325.G57bA85 2003 aAthawali Ahahu a Iziraeli: Daudi Sauli na Selemani :bThe three kings: David, Saul and Solomon; Giryama language, Kenya /ctranslator: Magundo Shukurani. aNairobi, Kenya :bBTL (E.A.),cc2003. a9 p. aGiryama shell book. aT.p. verso: "Illustrations are adapated from Look, listen and live Bible stories." aBible stories, Giryama xO.T. aGiryama languagexReaders.1 aShukurani, Magundo.etr.